00691nam a22002177a 4500001000400000003000800004005001700012008004100029035001700070040002600087041000800113082002600121100005200147245006600199246001900265260006500284300004900349526001300398650004200411650002000453197BD-RjUL20211208233128.0131109s1968 bg | |||| 000 f ben d a(BD-RjUL)210 aBD-RjULbbencBD-RjUL aben 4223a891.443bOSC 19681 aওসমান, শওকত. qShaukat Osman.1 aচৌরসন্ধি /cশওকত ওসমান.  aChowrashandhi. aঢাকা :bমাওলা ব্রাদার্স, a২১৪ পৃ. ;b c১৮ সেমি. bBengali. 7aবাংলা উপন্যাস 7aBengali Fiction